| 000 | 01370cam a22003975i 4500 | ||
|---|---|---|---|
| 999 |
_c27121 _d27093 |
||
| 001 | 012920091 | ||
| 003 | Uk | ||
| 005 | 20190212120025.0 | ||
| 008 | 040519s2004 enka fr 001 0 eng d | ||
| 015 |
_aGBA441269 _2bnb |
||
| 016 | 7 |
_a012920091 _2Uk |
|
| 020 | _a0198529139 | ||
| 020 | _a9701985291391 | ||
| 040 |
_aUk _beng _cUk _dEG-ScBUE |
||
| 041 |
_ajpn _deng |
||
| 082 | 0 | 4 |
_a530.143 _222 _bFUJ |
| 100 | 1 | _aFujikawa, K. | |
| 240 | 1 | 0 |
_aKeiro sekibun to taishōsei no ryōshiteki yabure. _lEnglish |
| 245 | 1 | 0 |
_aPath integrals and quantum anomalies / _cKazuo Fujikawa and Hiroshi Suzuki. |
| 264 |
_aNew York ; _aOxford, England : _bOxford University Press Inc., _c2004. |
||
| 300 |
_axi, 284 p. : _bill. ; _c25 cm. |
||
| 336 |
_atext _2rdacontent |
||
| 337 |
_aunmediated _2rdamedia |
||
| 338 |
_avolume _2rdacarrier |
||
| 490 | 1 |
_aInternational series of monographs on physics ; _vno. 122 |
|
| 500 | _aIncludes index. | ||
| 500 | _aOriginally published in Japanese by Tokyo: Iwanami Shoten, Publishers, 2001. | ||
| 504 | _aBibliography : p.262-281. | ||
| 546 | _aTranslated from the Japanese. | ||
| 650 | 7 |
_aPath integrals. _2BUEsh _941983 |
|
| 650 | 7 |
_aQuantum field theory. _2BUEsh _93971 |
|
| 650 | 7 |
_aBroken symmetry (Physics). _2BUEsh _941982 |
|
| 653 |
_bENGGEN _cFebruary2019 |
||
| 700 | 1 |
_aSuzuki, Hiroshi, _d1964 January 7- |
|
| 942 |
_2ddc _cBB |
||